Detalles MARC
| 000 -CABECERA |
| campo de control de longitud fija |
01592nam a2200157 a 4500 |
| 001 - NÚMERO DE CONTROL |
| campo de control |
000037897 |
| 005 - FECHA Y HORA DE LA ÚLTIMA TRANSACCIÓN |
| campo de control |
20201002031131.0 |
| 008 - DATOS DE LONGITUD FIJA--INFORMACIÓN GENERAL |
| campo de control de longitud fija |
130308s2003 dr ac 000 0 spa d |
| 040 ## - FUENTE DE LA CATALOGACIÓN |
| Centro catalogador/agencia de origen |
DO-SdBNP |
| Lengua de catalogación |
spa |
| Centro/agencia transcriptor |
BNPHU |
| 245 00 - MENCIÓN DE TÍTULO |
| Título |
Manual básico de capacitación policial. |
| 260 ## - PUBLICACIÓN, DISTRIBUCIÓN, ETC. |
| Lugar de publicación, distribución, etc. |
Santo Domingo : |
| Nombre del editor, distribuidor, etc. |
Escuela de Entrenamiento Pilicial, |
| Fecha de publicación, distribución, etc. |
2003. |
| 300 ## - DESCRIPCIÓN FÍSICA |
| Extensión |
535 p. : |
| Otras características físicas |
il., retrs. ; |
| Dimensiones |
28 cm. |
| 504 ## - NOTA DE BIBLIOGRAFÍA, ETC. |
| Nota de bibliografía, etc. |
Bibliografía : 534-535 |
| 505 2# - NOTA DE CONTENIDO CON FORMATO |
| Título |
Cortesia y diciplina-- |
| -- |
Orden cerrado, manual de armas y macana -- |
| -- |
Guarda interior -- |
| -- |
Primeros auxilios -- |
| -- |
Gramática castellana -- |
| -- |
Derecho procesal penal -- |
| -- |
Investigación criminal -- |
| -- |
Relaciones públicas -- |
| -- |
Introducción a la informática -- |
| -- |
Registro, arresto y allanamiento -- |
| -- |
Patrulla y vigilancia -- |
| -- |
Protección de investigaciones vitales -- |
| -- |
Inspecciones en la Policia Nacional -- |
| -- |
Control de motines y disturbios civiles -- |
| -- |
Principios de urbanidad policial, etiqueta y protocolo -- |
| -- |
Drogas y narcóticos -- |
| -- |
Escopeta Mosberg calibre 12 -- |
| -- |
Agentes químicos y escopeta lanza gas -- |
| -- |
Fusil Mauser -- |
| -- |
Revólver Smith and Wsson calibre 0.38 -- |
| -- |
Pistola Browning calibre 9mm -- |
| -- |
Historia dominicana -- |
| -- |
Geografía de la República Dominicana -- |
| -- |
Policia Turística (POLITUR) -- |
| -- |
Moral y cívica |
| -- |
Oratoria -- |
| -- |
Dignidad y derechos humanos -- |
| -- |
Policia comunitaio -- |
| -- |
Redacción de informes -- |
| -- |
Ley Organica -- |
| -- |
Código de Jusitica policial -- |
| -- |
Ley no. 241 sobre tránsito terrestre -- |
| -- |
Psicología policial ampliada -- |
| -- |
Ética policial -- |
| -- |
Bibliografía. |
| 710 2# - PUNTO DE ACCESO ADICIONAL--NOMBRE DE ENTIDAD CORPORATIVA |
| Nombre de entidad corporativa o nombre de jurisdicción como elemento de entrada |
Escuela de Entrenamiento Policial de Hatillo (República Dominicana) |
| 9 (RLIN) |
64343 |